LEADER 01161nam a2200277 i 4500 001 000000213652 003 CaOOAMICUS 005 20120601000000.0 008 120601s2012 be u000 u mul u 013 $a192507 020 $a978-2-503-54225-6 040 $aSeMil$bita 100 0 $aBeato : de Liébana,$c.$0(OLS)http://semarc/name/90165 245 10$aPars altera. 260 $aTurnhout :$bBrepols,$c2012. 300 $aP. 375-984. 490 0 $aCorpus Christianorum. Series Latina ;$v107.C 500 $aTesto latino, traduzione e commento in francese. 773 0 $aBeato : de Liébana $tBeati Liebanensis Tractatus de Apocalipsin.$dTurnhout : Brepols, 2012.$g2$w()26862 830 0$aCorpus Christianorum. Series Latina ;$v107.C.$0(OLS)http://semarc/title/37 850 $aSeMil 852 $aSeMil$W1$xVenegono$y1$mSL2.J II 107/C$j164080$B164080$CSeMilBibl$Z2$F175114 $8I 961 $aSottoscrizione: Brepols 996 $6020$a978-2-503-54225-6$9(OLS)http://semarc/number/209659 996 $6245$aPars altera$9(OLS)http://semarc/title/124026 996 $6260$aTurnhout :$bBrepols$9(OLS)http://semarc/publisher/29626 LEADER 01201nam a2200277 i 4500 001 000000196462 003 CaOOAMICUS 005 20140718000000.0 008 140718s1944 it u000 u ita u 013 $a175144 040 $aSeMil$bita 100 1 $aBraun, François-Marie,$c.$0(OLS)http://semarc/name/7467 245 10$aNuovi aspetti del problema della Chiesa /$cF. M. Braun ; traduzione di Costanza De Sanctis ; appendice di Mario Bendiscioli. 260 $aBrescia :$bMorcelliana,$c1944. 300 $a229 p. ;$c19 cm. 500 $aFondo card. Giovanni Colombo. 650 4$aChiesa - Studi.$0(OLS)http://semarc/subject/1298 650 4$aEcclesiologia.$0(OLS)http://semarc/subject/42996 700 1 $aBendiscioli, Mario,$d<1903-1998>.$0(OLS)http://semarc/name/9378 700 1 $aDe Sanctis, Costanza.$0(OLS)http://semarc/name/71202 850 $aSeMil 852 $aSeMil$W1$xVenegono$y1$m3GC IV 62$j147025$B147025$CSeMilBibl$Z2$F158634 $8B 941 1 $a3 961 $aLascito: Colombo Card. Giovanni 996 $6245$aNuovi aspetti del problema della Chiesa$9(OLS)http://semarc/title/283657 996 $6260$aBrescia :$bMorcelliana$9(OLS)http://semarc/publisher/29629